[Event "2017 Edmonton Championship"]
[Site "Edmonton"]
[Date "2017.01.05"]
[Round "1.1"]
[White "Zeggelaar, Mike"]
[Black "Villavieja, Butch"]
[Result "1-0"]
[WhiteElo "1960"]
[BlackElo "2240"]
[PlyCount "84"]
[EventDate "2017.01.05"]
[EventType "k.o."]
[EventRounds "4"]
[EventCountry "CAN"]
[SourceDate "2016.04.20"]

1. e4 c5 2. Nf3 d6 3. d4 cxd4 4. Nxd4 Nf6 5. Nc3 a6 6. Be2 e5 7. Nf3 Be7 8. O-O
O-O 9. a4 Nc6 10. Bg5 Be6 11. Bxf6 Bxf6 12. Nd5 Bxd5 13. Qxd5 Be7 14. c3 Rc8
15. b4 Qc7 16. b5 axb5 17. axb5 Nd8 18. Rfc1 Qb6 19. Qa2 Ne6 20. Nd2 Rfd8 21.
Bc4 Nf4 22. Bxf7+ Kh8 23. Bc4 Rf8 24. Qa7 Qxa7 25. Rxa7 Rxc4 26. Nxc4 Ne2+ 27.
Kf1 Nxc1 28. Rxb7 Bh4 29. g3 Bg5 30. Nxd6 Kg8 31. h4 Rd8 32. Nf5 Bf6 33. g4
Rd1+ 34. Kg2 Ne2 35. g5 Nf4+ 36. Kf3 Rd3+ 37. Kg4 h5+ 38. gxh6 Nh3 39. f3 Nf2+
40. Kh5 g6+ 41. Kxg6 Bd8 42. Rg7+ Kh8 1-0

[Event "2017 Edmonton Championship"]
[Site "Edmonton"]
[Date "2017.01.12"]
[Round "1.2"]
[White "Briones, Dante"]
[Black "Efemuai, Martins"]
[Result "0-1"]
[WhiteElo "2004"]
[BlackElo "2165"]
[PlyCount "62"]
[EventDate "2017.01.05"]
[EventType "k.o."]
[EventRounds "4"]
[EventCountry "CAN"]
[SourceDate "2016.04.20"]

1. e4 d6 2. d4 g6 3. Nc3 Bg7 4. Nf3 a6 5. a4 Nd7 6. h3 c5 7. Be3 Qa5 8. Be2
Ngf6 9. O-O cxd4 10. Bxd4 O-O 11. Re1 Ne5 12. Qd2 Be6 13. Qe3 Rac8 14. Bxe5
dxe5 15. Qa7 Qb4 16. Rab1 Nh5 17. Red1 Nf4 18. Bf1 h6 19. Kh2 g5 20. g3 Ng6 21.
g4 Nf4 22. Kg3 Rc5 23. Nd2 Rfc8 24. Re1 Qd4 25. Nf3 Rxc3 26. Qxd4 Rxf3+ 27.
Kxf3 exd4 28. b3 Rc3+ 29. Bd3 Nxd3 30. cxd3 Rxd3+ 31. Kg2 Rxb3 0-1

[Event "2017 Edmonton Championship"]
[Site "Edmonton"]
[Date "2017.01.12"]
[Round "1.2"]
[White "Grumic, Sasa"]
[Black "Thiel, Rodney"]
[Result "1-0"]
[WhiteElo "2227"]
[BlackElo "1987"]
[PlyCount "47"]
[EventDate "2017.01.05"]
[EventType "k.o."]
[EventRounds "4"]
[EventCountry "CAN"]
[SourceDate "2016.04.20"]

1. e4 e5 2. Nf3 Nc6 3. Bc4 Bc5 4. c3 Bb6 5. d4 Nf6 6. dxe5 Ng4 7. Bg5 Bxf2+ 8.
Ke2 f6 9. exf6 gxf6 10. h3 Nge5 11. Bd5 Nxf3 12. Bf4 Bb6 13. Kxf3 Ne5+ 14. Kg3
h5 15. Rf1 Qe7 16. Na3 Qg7+ 17. Kh2 c6 18. Bxe5 fxe5 19. Bf7+ Kd8 20. Nc4 d5
21. exd5 Bg4 22. Qd3 Bd7 23. dxc6 bxc6 24. Rad1 1-0

[Event "2017 Edmonton Championship"]
[Site "Edmonton"]
[Date "2017.01.12"]
[Round "1.2"]
[White "Hughey, Micah"]
[Black "Kalisvaart, Peter"]
[Result "0-1"]
[WhiteElo "2113"]
[BlackElo "2090"]
[PlyCount "56"]
[EventDate "2017.01.05"]
[EventType "k.o."]
[EventRounds "4"]
[EventCountry "CAN"]
[SourceDate "2016.04.20"]

1. e4 e5 2. f4 exf4 3. Nf3 d5 4. exd5 Bd6 5. d4 Ne7 6. c4 b6 7. Bd3 O-O 8. O-O
c6 9. Qc2 cxd5 10. c5 Bc7 11. Bxh7+ Kh8 12. Bd3 Na6 13. Bxa6 Bxa6 14. Ng5 Ng6
15. Qf5 Kg8 16. Nc3 Bxf1 17. Kxf1 Qf6 18. Qxf6 gxf6 19. Nh3 bxc5 20. Nxd5 Bb6
21. dxc5 Bxc5 22. Nxf6+ Kh8 23. Nd7 Rfc8 24. Nxf4 Bd4 25. Nd5 Rc2 26. Ne3 Rc7
27. Nf5 Rxd7 28. Bd2 Be5 0-1

[Event "2017 Edmonton Championship"]
[Site "Edmonton"]
[Date "2017.01.12"]
[Round "1.2"]
[White "Karmali, Hafiz"]
[Black "Gardner, Robert"]
[Result "0-1"]
[WhiteElo "1959"]
[BlackElo "2288"]
[PlyCount "142"]
[EventDate "2017.01.05"]
[EventType "k.o."]
[EventRounds "4"]
[EventCountry "CAN"]
[SourceDate "2016.04.20"]

1. d4 g6 2. c4 Bg7 3. Nc3 c6 4. e4 d6 5. f4 Qc7 6. Nf3 Bg4 7. Be3 Nd7 8. Rc1 e5
9. fxe5 dxe5 10. d5 Ngf6 11. Bd3 O-O 12. O-O Nh5 13. h3 Bxf3 14. Rxf3 Nf4 15.
Bf1 b6 16. Qd2 Nc5 17. b4 Nb7 18. dxc6 Qxc6 19. Bxf4 exf4 20. Nd5 Rae8 21. Qxf4
Re6 22. Rd1 Nd6 23. Bd3 Nxc4 24. Kh1 Ne5 25. Rff1 Nxd3 26. Rxd3 Qc4 27. Rfd1
Qxa2 28. Re1 Qc4 29. Rde3 a5 30. bxa5 bxa5 31. Qc7 Qxc7 32. Nxc7 Rc6 33. Nd5
Re8 34. Ra3 Rc5 35. Nb6 Re6 36. Nd7 Rc7 37. Rd1 Bc3 38. Rc1 Rec6 39. Rd1 Bb4
40. Rad3 Rc1 41. Nf6+ Kf8 42. Rd8+ Kg7 43. Ne8+ Kh6 44. Nxc7 Rxc7 45. R8d7 Rc4
46. Rxf7 Rxe4 47. Rdd7 a4 48. Rxh7+ Kg5 49. Rd5+ Kf6 50. Ra7 a3 51. Rd1 Re2 52.
Ra1 Re3 53. Ra4 Be7 54. Rd4 Ke6 55. Rdd1 Bf6 56. Ra2 Bb2 57. Rd2 Rb3 58. Kg1
Bc1 59. Rd1 Be3+ 60. Kf1 Ke5 61. Rda1 Bc5 62. Re2+ Kd5 63. h4 Bd4 64. Raa2 Kc4
65. g4 Rg3 66. Rg2 Rf3+ 67. Ke2 Re3+ 68. Kd2 Kb3 69. Kd1 Bc3 70. Rge2 Rd3+ 71.
Kc1 Bd4 0-1

[Event "2017 Edmonton Championship"]
[Site "Edmonton"]
[Date "2017.01.12"]
[Round "1.2"]
[White "Pedersen, Rick"]
[Black "Valencia, Belsar"]
[Result "0-1"]
[WhiteElo "1879"]
[BlackElo "2366"]
[PlyCount "80"]
[EventDate "2017.01.05"]
[EventType "k.o."]
[EventRounds "4"]
[EventCountry "CAN"]
[SourceDate "2016.04.20"]

1. d3 d6 2. g3 g6 3. Bg2 Bg7 4. Nf3 Nf6 5. O-O O-O 6. e4 c5 7. Nc3 Nc6 8. h3 e5
9. Bg5 h6 10. Be3 Nd4 11. a4 Be6 12. Bxd4 cxd4 13. Ne2 Rc8 14. Nd2 d5 15. Kh2
dxe4 16. Nxe4 Nd5 17. c4 dxc3 18. N4xc3 Nb4 19. Bxb7 Rb8 20. Bg2 Qxd3 21. Nb5
Bc4 22. Nec3 a6 23. Nd6 Qxd1 24. Rfxd1 Bb3 25. Rd2 Rfd8 26. Nde4 f5 27. Rxd8+
Rxd8 28. Nc5 Bf7 29. Rd1 Rxd1 30. Nxd1 Bf8 31. Nd7 Bd6 32. Nc3 e4 33. a5 Be6
34. Nb6 Nd3 35. Ncd5 Nxb2 36. Bf1 Nd3 37. Kg2 Kf7 38. Be2 Bxd5 39. Nxd5 Ke6 40.
Nf4+ Bxf4 0-1

[Event "2017 Edmonton Championship"]
[Site "Edmonton"]
[Date "2017.01.12"]
[Round "1.2"]
[White "Purewal, Sardul"]
[Black "Miller, David"]
[Result "1/2-1/2"]
[WhiteElo "1970"]
[BlackElo "2231"]
[PlyCount "173"]
[EventDate "2017.01.05"]
[EventType "k.o."]
[EventRounds "4"]
[EventCountry "CAN"]
[SourceDate "2016.04.20"]

1. d4 Nf6 2. c4 d6 3. Nc3 e5 4. d5 g6 5. e4 Bg7 6. f3 O-O 7. Be3 Nh5 8. Nge2 f5
9. Qd2 f4 10. Bf2 a6 11. Nc1 Bd7 12. a4 a5 13. Nd3 Na6 14. Nb5 b6 15. Be2 g5
16. h4 g4 17. fxg4 Nf6 18. Bf3 Nxg4 19. h5 Nxf2 20. Qxf2 Qg5 21. O-O-O Bh6 22.
Qe2 Kh8 23. Kb1 Rg8 24. Nf2 Rg7 25. Ka2 Rag8 26. b3 Qf6 27. Rh2 Rg3 28. Ka3 Bf8
29. Kb2 h6 30. Rdh1 Be8 31. Rd1 Be7 32. Rdh1 Nc5 33. Rd1 Qg7 34. Nc3 Bd8 35.
Rdh1 Nd7 36. Ncd1 Nf6 37. Rf1 Bd7 38. Rhh1 Nh7 39. Nh3 Bxh3 40. gxh3 Bh4 41.
Rh2 Rg1 42. Bg4 Rxf1 43. Qxf1 Nf6 44. Bf3 Qg1 45. Qe2 Qd4+ 46. Ka2 Rg1 47. Rh1
Rxh1 48. Bxh1 Qg1 49. Qf3 Qg3 50. Nc3 Qxf3 51. Bxf3 Nh7 52. Kb2 Ng5 53. Bg2 f3
54. Bh1 f2 55. Bg2 Nf3 56. Nd1 Nh2 57. Ne3 Bg3 58. Nf1 Nxf1 59. Bxf1 Kg7 60.
Kc2 Kf6 61. Kd2 Kg5 62. Ke2 Kf4 63. Bg2 Bh4 64. Bh1 Kg3 65. Kf1 Kxh3 66. Bg2+
Kg4 67. Ke2 Kxh5 68. Kf3 Kg5 69. Bf1 Kg6 70. Kg4 Be7 71. Kf3 Kg5 72. Bg2 h5 73.
Bh3 Kg6 74. Kxf2 h4 75. Kf3 Kf7 76. Kg4 Ke8 77. Kf5 Kd8 78. Kg6 c6 79. Kf7 cxd5
80. cxd5 Bg5 81. Ke6 Kc7 82. Bg4 Be3 83. Kf5 b5 84. Bh3 bxa4 85. bxa4 Kb6 86.
Kg4 Kc5 87. Kxh4 1/2-1/2

[Event "2017 Edmonton Championship"]
[Site "Edmonton"]
[Date "2017.01.12"]
[Round "1.2"]
[White "Reeve, Jeff"]
[Black "Pisanski, Piotr"]
[Result "1-0"]
[WhiteElo "2310"]
[BlackElo "1926"]
[PlyCount "95"]
[EventDate "2017.01.05"]
[EventType "k.o."]
[EventRounds "4"]
[EventCountry "CAN"]
[SourceDate "2016.04.20"]

1. e4 e5 2. Nf3 Nc6 3. Bb5 a6 4. Bxc6 dxc6 5. O-O Ne7 6. d3 Ng6 7. Be3 c5 8.
Nbd2 f6 9. a4 a5 10. Qe2 Be6 11. c3 Nf4 12. Bxf4 exf4 13. d4 Qd7 14. d5 Bg4 15.
Nc4 Bxf3 16. Qxf3 Bd6 17. Nxd6+ Qxd6 18. Qd3 Qa6 19. c4 Qd6 20. Rfe1 Qe5 21.
Qd2 b6 22. Ra3 Rd8 23. Rf3 g6 24. Qxf4 Qxf4 25. Rxf4 Rf8 26. e5 fxe5 27. Rxe5+
Kd7 28. Rfe4 Rf7 29. Re6 Rdf8 30. f3 Rg8 31. h4 Rgf8 32. Kf2 Rg8 33. Ke3 Rgf8
34. Rg4 Rf5 35. Rge4 R5f7 36. b3 Rg8 37. Rf4 Rfg7 38. g4 Re8 39. Rxe8 Kxe8 40.
Re4+ Kd7 41. Re6 g5 42. hxg5 Rxg5 43. Kf4 Rg8 44. g5 Rg6 45. Kf5 Rxe6 46. dxe6+
Ke7 47. Ke5 c6 48. f4 1-0

[Event "2017 Edmonton Championship"]
[Site "Edmonton"]
[Date "2017.01.12"]
[Round "1.2"]
[White "Villavieja, Butch"]
[Black "Zeggelaar, Mike"]
[Result "1/2-1/2"]
[WhiteElo "2240"]
[BlackElo "1960"]
[PlyCount "54"]
[EventDate "2017.01.05"]
[EventType "k.o."]
[EventRounds "4"]
[EventCountry "CAN"]
[SourceDate "2016.04.20"]

1. Nf3 d6 2. d4 Nf6 3. c4 g6 4. Nc3 Bg7 5. e4 O-O 6. Be2 e5 7. O-O Nc6 8. d5
Ne7 9. Ne1 Nd7 10. Be3 f5 11. f3 f4 12. Bf2 Nf6 13. c5 g5 14. Rc1 a6 15. Na4 g4
16. cxd6 cxd6 17. Bb6 Qe8 18. Bc7 g3 19. hxg3 fxg3 20. f4 Qg6 21. fxe5 Qh6 22.
Nf3 Qe3+ 23. Kh1 Qh6+ 24. Kg1 Qe3+ 25. Kh1 Qh6+ 26. Kg1 Qe3+ 27. Kh1 Qh6+
1/2-1/2

[Event "2017 John Schleinich Memorial D"]
[Site "Calgary"]
[Date "2017.01.06"]
[Round "1"]
[White "Sklenka, Steve"]
[Black "Knoll, Frank"]
[Result "1-0"]
[WhiteElo "1612"]
[BlackElo "1626"]
[PlyCount "91"]
[EventDate "2017.01.06"]
[EventType "tourn"]
[EventRounds "5"]
[EventCountry "CAN"]
[SourceDate "2016.04.20"]

1. e4 c5 2. c3 Nc6 3. Bd3 Nf6 4. Bc2 e6 5. Nf3 Be7 6. O-O Qc7 7. Re1 O-O 8. d4
d6 9. e5 dxe5 10. dxe5 Rd8 11. Qe2 Ng4 12. Qe4 f5 13. exf6 Nxf6 14. Qh4 Rf8 15.
Bg5 h6 16. Bxf6 Rxf6 17. Qe4 Bd6 18. Nbd2 b5 19. Rad1 Bb7 20. Qh7+ Kf7 21. Ne4
Be7 22. Nxf6 Bxf6 23. Qg6+ Ke7 24. Qf5 e5 25. Nd2 Nd8 26. Be4 Bc8 27. Qg6 Rb8
28. Bf5 Rb6 29. Bxc8 Qxc8 30. Ne4 Nf7 31. Qg3 Qc6 32. Qd3 Qc7 33. Qd5 Rc6 34.
f4 Kf8 35. Nxf6 gxf6 36. fxe5 Nxe5 37. Qd8+ Qxd8 38. Rxd8+ Kf7 39. Red1 Ke7 40.
Rh8 Nf7 41. Re1+ Kd6 42. Rhe8 Ne5 43. Rd1+ Kc7 44. Red8 Ra6 45. g3 c4 46. Rh8
1-0